| 000 | 005920000a22001810004500 | ||
|---|---|---|---|
| 003 | MACL | ||
| 005 | 20160607160301.0 | ||
| 008 | 160607b xxu||||| |||| 00| 0 eng d | ||
| 040 |
_aMACL _cMACL |
||
| 041 | _aHindi | ||
| 082 | _a920 | ||
| 100 |
_aवार्ष्णेय ,एस के _962807 |
||
| 245 |
_aशहीद ए आजम भगतसिंह _cएस के वार्ष्णेय |
||
| 260 |
_bआशा साहित्य केन्द्र _c2004 _aनोएडा |
||
| 350 | _a150 | ||
| 650 |
_aBiography _962808 |
||
| 942 |
_cHIN _k920/VAS _2ddc |
||
| 999 |
_c9963 _d9963 |
||